| 000 | 01800nam a2200517 i 4500 | ||
|---|---|---|---|
| 001 | 52250 | ||
| 003 | KOSZ 005 | ||
| 005 | 20220602132019.0 | ||
| 008 | 060807s2006 pl a f f |001 0 pol | ||
| 015 | _aUWD 2006/18676 | ||
| 020 | _a8372076162 | ||
| 020 | _a8372076170 | ||
| 035 | _a991031281059705066 | ||
| 035 | _a(PL-WaBN)b18419008-48omnis_nlop | ||
| 035 | _ab18419008 | ||
| 035 | _a(OCoLC)749584409 | ||
| 035 | _a(PL)b0000001841900 | ||
| 035 | _a(EXLNZ-48OMNIS_NETWORK)9910458413105606 | ||
| 040 |
_aWA N _cWA N _dKOSZ 005/HR |
||
| 046 | _k2004 | ||
| 080 | _a624.01/.07 | ||
| 080 | _a620.17 | ||
| 080 | _a539.3/.6 | ||
| 080 | _a(075.8) | ||
| 245 | 0 | 0 |
_aMechanika materiałów i konstrukcji : _bpraca zbiorowa. _nT. 1 / _cpod red. Marka Bijak-Żochowskiego ; [aut.] Marek Bijak-Żochowski [et al.]. |
| 260 |
_aWarszawa : _bOficyna Wydawnicza Politechniki Warszawskiej, _c2006. |
||
| 300 |
_a450 s. : _bil. ; _c23 cm. |
||
| 336 |
_aTekst _btxt _2rdacontent |
||
| 337 |
_aBez urządzenia pośredniczącego _bn _2rdamedia |
||
| 338 |
_aWolumin _bnc _2rdacarrier |
||
| 380 | _aKsiążki | ||
| 388 | _a2001- | ||
| 504 | _aBibliogr. s. 443-445. Indeks. | ||
| 650 | 7 |
_aKonstrukcje _2DBN |
|
| 650 | 7 |
_aNaprężenia i odkształcenia _2DBN |
|
| 650 | 7 |
_aWytrzymałość materiałów _2DBN |
|
| 650 | 7 | _aMechanika budowli | |
| 655 | 7 |
_aPodręczniki akademickie _2DBN |
|
| 658 | _aArchitektura i budownictwo | ||
| 658 | _aInżynieria i technika | ||
| 700 | 1 |
_aBijak-Żochowski, Marek _eAutor _eRedakcja |
|
| 710 | 2 |
_aOficyna Wydawnicza Politechniki Warszawskiej _4pbl |
|
| 856 | 4 | 1 |
_uhttp://koha.tu.koszalin.pl/cgi-bin/koha/opac-detail.pl?biblionumber=52250 _zKatalog online BPK |
| 942 |
_2UKD _cKS |
||
| 999 |
_c52250 _d52250 |
||